[Event "Regionalliga NW 1112"]
[Site "Bayern"]
[Date "2011.12.11"]
[Round "4.8"]
[White "Buecker, Florian"]
[Black "Andres, Andrei"]
[Result "1-0"]
[WhiteElo "1860"]
[BlackElo "1707"]
[PlyCount "137"]
[EventDate "2011.10.02"]
[EventType "team-tourn"]
[EventRounds "9"]
[EventCountry "GER"]
[SourceTitle "EXT 2013"]
[Source "ChessBase"]
[SourceDate "2012.11.22"]
[SourceVersion "1"]
[SourceVersionDate "2012.11.22"]
[SourceQuality "1"]
[WhiteTeam "Bamberg"]
[BlackTeam "Kirchenlaibach"]
[WhiteTeamCountry "GER"]
[BlackTeamCountry "GER"]

1. d4 d5 2. Nf3 Nf6 3. Bg5 e6 4. e3 Be7 5. c4 Nbd7 6. Nc3 0-0 7. Qc2 c6 8. cxd5 Nxd5 9. Bxe7 Qxe7 10. Nxd5 exd5 11. Bd3 Nf6 12. 0-0 h6 13. Rab1 Re8 14. b4 a6 15. a4 Bd7 16. Rfc1 Rac8 17. Qc5 Qxc5 18. bxc5 Rc7 19. Rb2 Ne4 20. Bxe4 Rxe4 21. Nd2 Re8 22. Nb3 Bc8 23. Na5 f5 24. Rcb1 Ree7 25. g3 g5 26. Rb3 Kg7 27. f3 Kg6 28. Kf2 h5 29. h4 g4 30. Rb6 Kg7 31. Nb3 Re6 32. Re1 Rce7 33. Nc1 Kh6 34. Nd3 Kh7 35. Nf4 Rh6 36. Nd3 Rhe6 37. Ne5 Rh6 38. e4 fxe4 39. fxe4 Rf6+ 40. Kg2 dxe4 41. Rxe4 Be6 42. Kg1 Bd5 43. Nxg4 Rfe6 44. Nf6+ Kg6 45. Nxd5 Rxe4 46. Nxe7+ Rxe7 47. d5 Kf5 48. dxc6 bxc6 49. Rxc6 Re5 50. Kf2 Ke4 51. Rc8 Kd4 52. c6 Rc5 53. c7 Kc4 54. Ke3 a5 55. Kf3 Rf5+ 56. Ke4 Rc5 57. g4 hxg4 58. Kf4 g3 59. Kxg3 Kc3 60. Kg4 Rc4+ 61. Kg5 Kb4 62. Rb8+ Kxa4 63. c8Q Rxc8 64. Rxc8 Kb3 65. h5 a4 66. h6 Kb2 67. Rb8+ Ka2 68. h7 a3 69. Rb7 1-0